000 00781nam a2200217Ia 4500
003 GCL
008 140319s9999 xx 000 0 ara d
040 _aGCL /
_cGCL
082 0 4 _aط
_b001.2
_bش د
100 1 _aالشركة الشرقية للمطبوعات
245 1 0 _aديزنى وعالمه العجيب من المعرفة : الاختراعات /
_cالشركة الشرقية للمطبوعات
250 _aالاولى
260 _aبيروت :
_bالشركة الشرقية للمطبوعات
300 _a123 ص ؛
_c30سم
650 0 4 _aالانسان والبيئة
650 0 4 _aالزجاج الملون
650 0 4 _aالاختراعات
650 0 4 _aالمعارف العامة
650 0 4 _aالعالم - وصف ورحلات
942 _2ddc
_cBK
999 _c49211
_d49211